| 000 | 00746nac a2200229 a 4500 | ||
|---|---|---|---|
| 003 | CO-PeBPM | ||
| 005 | 20250402140344.0 | ||
| 007 | ta | ||
| 008 | 250402s1972 ck ||||| |||| 00| 0 spa d | ||
| 040 |
_aCO-PeBPM _bspa _cCO-PeBPM _erda |
||
| 041 | _aspa | ||
| 082 | 0 | 4 |
_a149.94 S211h _222 |
| 100 | 1 | 0 |
_aSánchez de Zavala, Víctor _eautor |
| 245 | 1 | 0 |
_aHacia una epistemología del lenguaje _b: Cuatro ensayos _c/ Víctor Sánchez de Zavala |
| 260 |
_aMadrid _b: Alianza Editorial _c, c1972 |
||
| 300 |
_a258 páginas _c20 centímetros |
||
| 490 |
_aAlianza Universidad _v14 |
||
| 500 | _aIncluye índice | ||
| 504 | _aIncluye bibliografía al final del texto | ||
| 650 | 1 | 4 |
_a Lingüística - Ensayos, conferencias, etc _2LEMB |
| 942 |
_2ddc _cBK _n0 |
||
| 999 |
_c60634 _d60634 |
||